000 00982nam a2200253 i 4500
001 181630
003 ES-MaACL
005 20250824085147.0
008 130226s1950 sp | |||| ||spa d
080 _a946.0"15"(093)
080 _a929 Carlos (460) I
080 _a929 Felipe (460) II
245 0 0 _aRelaciones de los reinados de Carlos V y Felipe II.
_n2 /
_c[prólogo de Amalio Huarte].
260 _aMadrid :
_bSociedad de Bibliófilos Españoles,
_c1950.
300 _a1 v. (XV, 285 p., [7] h. de lám.) ;
_c23 cm.
490 1 _aSociedad de Bibliófilos Españoles. Segunda época ;
_v25
651 4 _aEspaña-
_xHistoria-
_y1516-1556, Carlos I.
_98224
651 4 _aEspaña-
_xHistoria-
_y1556-1598, Felipe II.
_98218
700 1 _aHuarte y Echenique, Amalio.
_964475
710 2 _aSociedad de Bibliófilos Españoles.
_96661
830 1 0 _aSociedad de Bibliófilos Españoles. Segunda época
_v25
_9191496
852 4 _aES-MaACL
_jJ-7(II-25)
999 _c181630
_d181630